00230nam a2200097Ia 4500008004100000041000800041082001000049100001100059245002500070260003700095231129s2021 xx 000 0 und d aeng a658.4 akazami aStrategic Management aM.C.GrawrillbM.C.Grawrillc2021